000 00296nam a22001337a 4500
008 171124b xxu||||| |||| 00| 0 eng d
020 _a9780412122316
041 _aeng
080 _a615
100 _aFAR
101 _a5
245 _aPRINCIPLES OF PHARMACOLOGY
_cMUNSON, P.L
942 _2udc
_cBK
999 _c38460
_d38460